00734nam a2200157Ia 450000500170000000800410001708200220005810000140008024500730009426000280016730000110019550002520020694200060045895200970046499900150056120250106051017.0240331s9999 xx 000 0 und d bKAM26028a305.23 aBhasin, K 0aIf only someone had broken the silence!bSexual violence on children aNew DelhibSangatc2003 a26 p., aA story calling awareness to sexual violence against children, through personal stories and experiences, from the point of view of a young girl. The book encourages people to speak out, assert their rights and create a more just and equal society. cL 001040708LaWERCLbWERCLcSSCd2024-03-31l0o 362.3 BHAp6028r2024-03-31w2024-03-31yL c5495d5495